01866nam a2200229Ia 4500001000400000008004100004010000800045041001400053082002900067245018700096260001800283300000700301520000700308630001600315630001600331630001600347650002200363700002700385700003100412700004600443520114700489861241029s9999 xx 000 0 und d a783 aEspañol aF.L.E M.A TEC 2011 137 0aEl uso de los medios tecnológicos en la enseñanza aprendizaje en el área de Ciencias Sociales, en el 4to. Grado de Media, en el Liceo Eugenio María de Hostos en el año 2010 aSanto Domingo a66 a20 aAprendizaje aEnseñanza aNivel Medio aCiencias Sociales easesoraByan , Roberto eautoraCuevas, Maura Feliz eautoraMontero Montero , María Salomé aEl propósito principal de este estudio consistió en determinar el uso de la tecnología en la enseñanza aprendizaje en el área de Ciencias Sociales, en el Cuarto Grado de Media, en el  Liceo Eugenio María de Hostos en el año 2010.  La investigación fue de corte: descriptiva, explicativa, exploratoria y documental. Se fundamentó en los métodos: inductivos, deductivos, analítico, sintético y comparativo. Las técnicas de recolección de datos consistieron en: .a observación y la entrevista.  La población estuvo constituida por 8 docentes. El estudio concluye que  es necesario incrementar la capacitación y actualización de los docentes del Liceo Eugenio María de Hostos, en relación a los conocimientos sobre las tecnologías, como medios educativos parta el logro de los aprendizajes significativos de los estudiantes, ya que los mismos, están muy por debajo de los requerimientos para una educación de calidad y pertinente. El estudio recomienda  efectuar cursos-talleres, tendentes a capacitar y actualizar a los docentes del  Liceo, en cuestión, en el área de la informática.